000 00468nam a2200181Ia 4500
001 8454
005 20260306160610.0
008 260306t2015||||xx |||||||||||||| ||spa||
041 _aESP
082 _a371.0712
_bT766
100 _aTopping, Ryan N. S.
_eAUT
245 0 _aRenewing the mind:
_ba reader in the philosophy of catotholic education
260 _c2015
300 _a396 páginas :
_c23 cm.
650 _aGEN
654 _aCED
942 _cLIB
_dJUS
_fJUS
_2ddc
_n
999 _c8454
_d8454